000 00618cam a2200205 a 4500
001 000018198
005 20260213105849.0
008 750812s1940 nyua 001 0 eng d
040 _aDO-SdBNP
_beng
_cDLC
_dBNPHU
082 _a659.1
_bB411h
100 1 _aBedell, Clyde,
_d1898-
_939409
245 1 0 _aHow to write advertising that sells /
_cClyde Bedell.
260 _aNew York :
_bMcGraw-Hill Book,
_c1940.
300 _axvi, 524 p. :
_bil. ;
_c23 cm.
650 0 _aPublisidad
_913236
650 4 _aPublicidad comercial
_939410
650 4 _aPropaganda
_9419
910 _aCatalogación por copia / LC
049 _aBNGR
999 _c17719
_d17719